| 000 | 00543nam a22001937a 4500 | ||
|---|---|---|---|
| 003 | UA-OsUOA | ||
| 001 | 9236 | ||
| 007 | ta | ||
| 008 | 20041028b un ||||| |||| 00| 0 ukr d | ||
| 100 | _aЦвігун Д. | ||
| 700 | _aСтасюк О. | ||
| 942 | _cSA | ||
| 040 |
_aUA-OsUOA _cUA-OsUOA _dUA-OsUOA |
||
| 245 | _aПравове регулювання патентування в Україні і за кордоном | ||
| 300 | _aС.115-117 | ||
| 955 | _a0 | ||
| 773 | 0 |
_w0 _tПраво України _dКиїв _d2004 _gN10 |
|
| 650 | 7 | _2UDC | |
| 999 |
_c295397 _d295397 |
||